Leasing v současné hospodářské praxi.

Právne normy týkajúce sa financovania, účtovníctva a daní vo vzťahu k leasingu. Význam leasingových operácií (spojených s požičiavaním a nájmom). Metóda tvorby ceny za prenájom. Odpisová a daňová politika pri leasingu v r. 1992.

Na minha lista:
Detalhes bibliográficos
Autor principal: Guoth, J.
Formato: Capítulo de Livro
Idioma:tcheco
Assuntos:
Tags: Adicionar Tag
Sem tags, seja o primeiro a adicionar uma tag!

MARC

LEADER 00000naa a2200000 4500
001 r009806
005 20220831084645.0
041 0 |a cze 
044 |a [CS] 
245 1 0 |a Leasing v současné hospodářské praxi.  |c J. Guoth 
520 |a Právne normy týkajúce sa financovania, účtovníctva a daní vo vzťahu k leasingu. Význam leasingových operácií (spojených s požičiavaním a nájmom). Metóda tvorby ceny za prenájom. Odpisová a daňová politika pri leasingu v r. 1992. 
610 2 0 |a lízing 
610 2 0 |a prenájom 
610 2 0 |a predpisy právne 
610 2 0 |a financovanie 
610 2 0 |a účtovníctvo 
610 2 0 |a dane 
610 2 0 |a tvorba cien 
610 2 0 |a 1992 
610 2 0 |a ČSFR 
100 1 |a Guoth, J.